Traité d'aménagement des salles de spectacles. (Record no. 90213)

MARC details
000 -LEADER
campo de control de longitud fija 00724nam a2200205 i 4500
001 - NÚMERO DE CONTROL
campo de control 90213
003 - IDENTIFICADOR DE NÚMERO DE CONTROL
campo de control ES-MaACL
005 - FECHA Y HORA DE LA ÚLTIMA TRANSACCIÓN
campo de control 20250824041919.0
007 - CAMPO FIJO DE DESCRIPCIÓN FÍSICA--INFORMACIÓN GENERAL
campo de control de longitud fija t|
008 - DATOS DE LONGITUD FIJA--INFORMACIÓN GENERAL
campo de control de longitud fija 050119s1950 fr ||||1| fre d
080 ## - NÚMERO DE LA CLASIFICACIÓN DECIMAL UNIVERSAL
Número de la Clasificación Decimal Universal 725.822
100 1# - ENTRADA PRINCIPAL--NOMBRE DE PERSONA
Nombre de persona Leblanc, Louis.
9 (RLIN) 71020
245 10 - MENCIÓN DEL TÍTULO
Título Traité d'aménagement des salles de spectacles.
Número de parte o sección de la obra II,
Nombre de parte o sección de la obra l'equipement des scènes et des estrades /
Mención de responsabilidad, etc. par Louis Leblanc et Georges Leblanc.
260 ## - PUBLICACIÓN, DISTRIBUCIÓN, ETC.
Lugar de publicación, distribución, etc. París :
Nombre del editor, distribuidor, etc. Vincent Fréal et Cie.,
Fecha de publicación, distribución, etc. [1950] (
Fabricante L'Emancipatrice)
300 ## - DESCRIPCIÓN FÍSICA
Extensión 44 fol., 10 lám. :
Otras características físicas il. ;
Dimensiones 25 x 32 cm.
650 #7 - PUNTO DE ACCESO ADICIONAL DE MATERIA--TÉRMINO DE MATERIA
Término de materia o nombre geográfico como elemento de entrada Teatros-
Subdivisión general Diseño y construcción
Fuente del encabezamiento o término
9 (RLIN) 139674
700 1# - ENTRADA AGREGADA--NOMBRE PERSONAL
Nombre de persona Leblanc, Georges.
9 (RLIN) 71017
852 ## - LOCALIZACIÓN
Ubicación ES-MaACL
Número de control de estantería C-31440
Sublocalización o colección R.70000
Holdings
Estatus retirado Estado de pérdida Estado de daño No para préstamo Biblioteca de origen Biblioteca actual Ubicación en estantería Fecha de adquisición Fuente de adquisición Total de préstamos Signatura topográfica completa Código de barras Visto por última vez Precio de reemplazo Tipo de ítem Koha
        Biblioteca del Ateneo de Madrid Biblioteca del Ateneo de Madrid Depósito 2 17/01/2008     C-31440 1094206 23/02/2023 23/02/2023 Libro impreso